01661cam a22003974a 450000100090000000300050000900500170001400800410003101000170007202000450008902000430013402000460017702000440022303500200026704000240028704200080031105000220031906000220034108200190036324501030038226000480048530000450053350400510057865000470062965000490067665000670072565000580079270000240085070000260087485600830090085600910098390600450107494200120111999900190113195201130115015211822ASAB20180827062700.0071206s2008 nyu be 001 0 eng  a 2008010753 a9781420079531(hbk : alk. paper Volume 1) a1420079530 (hbk : alk. paper Volume 1) a9781420079548 (hbk. : alk paper Volume 2) a1420079549 (hbk. : alk. paper Volume 2) a(DNLM)101467955 aDNLM/DLCcASABdDLC apcc00aR857.M3bE53 200810aQT 13bE5292 200800a610.28/40322200aEncyclopedia of biomaterials and biomedical engineering /cedited by Gary E. Wnek, Gary L. Bowlin. aNew York :bInforma Healthcare USA,cc2008. a2 v. (various pagings) :bill. ;c29 cm. aIncludes bibliographical references and index. 0aBiomedical materialsvEncyclopedias.92166 0aBiomedical engineeringvEncyclopedias.9216712aBiomedical and Dental MaterialsvEncyclopediasxEnglish.9216822aBiomedical EngineeringvEncyclopediasxEnglish.921691 aWnek, Gary E.921701 aBowlin, Gary L.92171413Table of contents onlyuhttp://www.loc.gov/catdir/toc/ecip0813/2008010753.html423Publisher descriptionuhttp://www.loc.gov/catdir/enhancements/fy0826/2008010753-d.html a7bcbccorignewd1eecipf20gy-gencatlg 2ddccBK c480247d480247 00102ddc40708NFICaASABbASABd2016-11-04l0o610.28 WNEpASAB2251r2016-11-04tVolume 1w2016-11-04yBK